000
00307nam a2200121Ia 4500
008
190722s9999 xx 000 0 und d
020
_a
978-81-203-4827-1
100
_a
Deitel & Deitel
245
0
_a
C How to Program
260
_a
New Delhi
_b
PHI Learning Pvt. Ltd. (India)
_c
2013
300
_a
947
942
_c
BK
999
_c
187
_d
187